Fungicides and their action. (Record no. 19345)

MARC details
000 -LEADER
fixed length control field 00309nam a2200121Ia 4500
082 ## - DEWEY DECIMAL CLASSIFICATION NUMBER
Classification number 632.952
Item number HOR
100 ## - MAIN ENTRY--AUTHOR NAME
Personal name HORSFALL, James G
245 #0 - TITLE STATEMENT
Title Fungicides and their action.
260 ## - PUBLICATION, DISTRIBUTION, ETC. (IMPRINT)
Place of publication U S A
Name of publisher Chronica Botanica
Year of publication 1945
650 ## - SUBJECT ADDED ENTRY--TOPICAL TERM
Topical Term Fungicides
942 ## - ADDED ENTRY ELEMENTS (KOHA)
Koha item type Books
Holdings
Withdrawn status Lost status Damaged status Not for loan Home library Current library Date acquired Full call number Accession Number Koha item type
        RRII Library RRII Library 16/12/2021 632.952 HOR 00082 Books